Deliberative Lobbying? (Record no. 5149)

MARC details
000 -CABECERA
campo de control de longitud fija 02108nam a22002657a 4500
003 - IDENTIFICADOR DEL NÚMERO DE CONTROL
campo de control OSt
005 - FECHA Y HORA DE LA ÚLTIMA TRANSACCIÓN
campo de control 20260512153851.0
008 - DATOS DE LONGITUD FIJA--INFORMACIÓN GENERAL
campo de control de longitud fija 251023b |||||||| |||| 00| 0 eng d
022 ## - NÚMERO INTERNACIONAL NORMALIZADO PARA PUBLICACIONES SERIADAS
Número Internacional Normalizado para Publicaciones Seriadas 1056-4926
040 ## - FUENTE DE LA CATALOGACIÓN
Centro catalogador/agencia de origen English
Centro/agencia transcriptor tbs
041 ## - CÓDIGO DE LENGUA
Código de lengua del texto/banda sonora o título independiente English
100 ## - ENTRADA PRINCIPAL--NOMBRE DE PERSONA
Nombre de persona Lock, Irina
9 (RLIN) 26437
245 ## - MENCIÓN DE TÍTULO
Título Deliberative Lobbying?
Resto del título : Toward a Noncontradiction of Corporate Political Activities and Corporate Social Responsibility?
Mención de responsabilidad, etc. / Irina Lock and Peter Seele
260 ## - PUBLICACIÓN, DISTRIBUCIÓN, ETC.
Nombre del editor, distribuidor, etc. Journal of Management Inquiry
Fecha de publicación, distribución, etc. 2016
362 ## - FECHAS DE PUBLICACIÓN Y/O DESIGNACIÓN SECUENCIAL
Fecha de publicación y/o designación secuencial Journal of Management Inquiry, 25(4), 415-430. DOI: 10.1177/1056492616640379
520 ## - SUMARIO, ETC.
Sumario, etc. Recently, researchers have claimed that food and beverage corporations should be excluded from the development of public health policy because their lobbying activities strategically undermine the promotion of public health. At the same time, recent political corporate social responsibility (CSR) theory holds that corporations have a responsibility to help solve global public issues. We address this described misalignment and show that corporations may fulfill this “new political role” if they turn to novel forms of corporate political activity (CPA) establishing a minimal standard for not contradicting their CSR. Therefore, we put forward a normative concept called deliberative lobbying based on discourse, transparency, and accountability, which aims to resolve public issues and advance CPA. In three lobbying cases, we show misalignments and contradictions that harm both society and the corporation. We position deliberative lobbing as an argument to maintain self-regulation against critics claiming that corporations should be excluded from all political processes.
653 ## - TÉRMINO DE INDIZACIÓN--NO CONTROLADO
Término no controlado Corporate political activity
653 ## - TÉRMINO DE INDIZACIÓN--NO CONTROLADO
Término no controlado Social responsibility of business
653 ## - TÉRMINO DE INDIZACIÓN--NO CONTROLADO
Término no controlado Food industry
653 ## - TÉRMINO DE INDIZACIÓN--NO CONTROLADO
Término no controlado Beverage industry
653 ## - TÉRMINO DE INDIZACIÓN--NO CONTROLADO
Término no controlado Public health
700 ## - ENTRADA AGREGADA--NOMBRE PERSONAL
Nombre de persona Seele, Peter
9 (RLIN) 26438
856 ## - LOCALIZACIÓN Y ACCESO ELECTRÓNICOS
Identificador Uniforme del Recurso <a href="https://bibliotheque.tbs-education.fr/Default/doc/bth/117610880/deliberative-lobbying-toward-a-noncontradiction-of-corporate-political-activities-and-corporate-soci">https://bibliotheque.tbs-education.fr/Default/doc/bth/117610880/deliberative-lobbying-toward-a-noncontradiction-of-corporate-political-activities-and-corporate-soci</a>
942 ## - ELEMENTOS DE ENTRADA AGREGADA (KOHA)
Fuente del sistema de clasificación o colocación Clasificación de Library of Congress
Holdings
Estado de retiro Estado de pérdida Fuente del sistema de clasificación o colocación Estado dañado No para préstamo Biblioteca de origen Biblioteca actual Fecha de adquisición Total de préstamos Fecha visto por última vez Identificador Uniforme del Recurso Precio válido a partir de Tipo de ítem Koha
    Clasificación de Library of Congress     TBS Barcelona TBS Barcelona 05/11/2025   05/11/2025 https://bibliotheque.tbs-education.fr/Default/doc/bth/117610880/deliberative-lobbying-toward-a-noncontradiction-of-corporate-political-activities-and-corporate-soci 05/11/2025 Academic Article

Powered by Koha